[Event "World Blitz Women 2016"]
[Site "Doha QAT"]
[Date "2016.12.29"]
[Round "9.10"]
[White "Gaponenko, Inna"]
[Black "Khademalsharieh, Sarasadat"]
[Result "1-0"]
[WhiteTitle "IM"]
[BlackTitle "IM"]
[WhiteElo "2411"]
[BlackElo "2438"]
[WhiteFideId "14101181"]
[BlackFideId "12512214"]
[EventDate "2016.12.29"]

1. e4 e5 2. Nf3 Nc6 3. Bb5 g6 4. d4 exd4 5. Bg5 Be7 6. Bxe7 Qxe7 7. Bxc6 dxc6 8.
Qxd4 Nf6 9. Nc3 c5 10. Qd3 Bg4 11. O-O-O O-O 12. e5 Nd7 13. Nd5 Qd8 14. Qe4 Be6
15. Nf6+ Nxf6 16. exf6 Qxf6 17. a3 b5 18. h4 h5 19. Qe3 c4 20. Nd4 Bd7 21. Ne2
Rfe8 22. Qf4 Bf5 23. Nd4 Re4 24. Qg5 Qxg5+ 25. hxg5 Bd7 26. f3 Re5 27. f4 Re4
28. g3 c5 29. Nf3 Bg4 30. Nd2 Re3 31. Rde1 Rae8 32. Rxe3 Rxe3 33. Rg1 Be6 34.
Nf1 Re2 35. Nd2 b4 36. Nf3 bxa3 37. bxa3 Re3 38. Ne5 Rxa3 39. Kd2 c3+ 40. Ke3
Ra2 41. Rc1 Bf5 42. Nd3 c4 43. Nb4 Rb2 44. Nd5 Bxc2 45. Nxc3 Bd3 46. Ra1 Rb7 47.
Nd5 Kg7 48. Ra5 Bf5 49. Rc5 Bd3 50. Rc8 Rb3 51. Kd4 Bf5 52. Ra8 Rd3+ 53. Ke5 f6+
54. gxf6+ Kf7 55. Rxa7+ Kf8 56. Ra8+ Kf7 57. Ra7+ Kf8 58. Rc7 Rd1 59. Rxc4 Re1+
60. Kd6 Re6+ 61. Kc5 Re1 62. Ra4 Be6 63. Ra8+ Kf7 64. Ra7+ Kf8 65. Ne7 Bf7 66.
Nc6 Re6 67. Ra8+ Be8 68. Ne5 Kg8 69. f7+ 1-0

[Event "World Blitz Women 2016"]
[Site "Doha QAT"]
[Date "2016.12.29"]
[Round "9.11"]
[White "Zhukova, Natalia"]
[Black "Goryachkina, Aleksandra"]
[Result "0-1"]
[WhiteTitle "GM"]
[BlackTitle "WGM"]
[WhiteElo "2440"]
[BlackElo "2466"]
[WhiteFideId "14101513"]
[BlackFideId "4147103"]
[EventDate "2016.12.29"]

1. d4 Nf6 2. Nf3 e6 3. Bf4 c5 4. e3 d5 5. Nbd2 Nc6 6. c3 Bd6 7. Bg3 O-O 8. Bb5
Be7 9. O-O Qb6 10. Bxc6 bxc6 11. Qc2 Ba6 12. Rfe1 cxd4 13. exd4 c5 14. dxc5 Bxc5
15. b4 Be7 16. a4 Rac8 17. b5 Bb7 18. Qd3 a6 19. c4 Rfd8 20. a5 Qc5 21. bxa6
Bxa6 22. Qe3 dxc4 23. Rec1 Qxe3 24. fxe3 c3 25. Nb3 Ne4 26. Be1 Rd3 27. Nfd4
Rxe3 28. Nc2 Rd3 29. h3 Rcd8 30. Ra4 Nc5 31. Nxc5 Bxc5+ 32. Kh2 Bb5 33. Re4 Rd1
34. Rxd1 Rxd1 35. Bxc3 Bd3 36. Ne3 0-1

[Event "World Blitz Women 2016"]
[Site "Doha QAT"]
[Date "2016.12.29"]
[Round "9.12"]
[White "Hallaeva, Bahar"]
[Black "Pham, Le Thao Nguyen"]
[Result "0-1"]
[WhiteTitle "WFM"]
[BlackTitle "IM"]
[WhiteElo "2112"]
[BlackElo "2351"]
[WhiteFideId "14000679"]
[BlackFideId "12401226"]
[EventDate "2016.12.29"]

1. e4 e5 2. Nf3 Nc6 3. Bc4 Bc5 4. O-O Nf6 5. d3 d6 6. c3 a6 7. a4 O-O 8. Re1 Bg4
9. Nbd2 Re8 10. h3 Be6 11. Bxe6 fxe6 12. a5 Qe7 13. Qb3 Rab8 14. Nc4 Kh8 15. Be3
Bxe3 16. Nxe3 Nh5 17. d4 exd4 18. cxd4 Nf4 19. d5 Ne5 20. Nxe5 dxe5 21. dxe6
Qxe6 22. Qc3 c6 23. Rad1 Rbd8 24. Rd2 h6 25. Red1 Rxd2 26. Qxd2 Qg6 27. Kh2 Qxe4
28. Qd7 Rf8 29. Qxb7 Ne2 30. Rd7 Qf4+ 31. Kh1 Qxf2 32. Rxg7 Qg1# 0-1

[Event "World Blitz Women 2016"]
[Site "Doha QAT"]
[Date "2016.12.29"]
[Round "9.14"]
[White "Batsiashvili, Nino"]
[Black "Ovezdurdiyeva, Jemal"]
[Result "1/2-1/2"]
[WhiteTitle "IM"]
[BlackTitle "WFM"]
[WhiteElo "2482"]
[BlackElo "2080"]
[WhiteFideId "13602993"]
[BlackFideId "14001888"]
[EventDate "2016.12.29"]

1. d4 Nf6 2. Bf4 g6 3. e3 Bg7 4. Bd3 d5 5. h3 O-O 6. Nf3 Nbd7 7. Nbd2 c5 8. c3
c4 9. Bc2 Re8 10. O-O b5 11. a4 bxa4 12. Bxa4 Qb6 13. Qc2 Bb7 14. Rfb1 Bc6 15.
b3 Bxa4 16. Rxa4 cxb3 17. Rxb3 Qc6 18. Ra5 Ne4 19. Nxe4 dxe4 20. Nd2 e5 21. dxe5
Nxe5 22. Bxe5 Rxe5 23. Rxe5 Bxe5 24. Qxe4 Qxe4 25. Nxe4 a5 26. f4 Bg7 27. Kf2 a4
28. Ra3 Bf8 29. Ra2 a3 30. Ke2 Rb8 31. Nd2 Rb2 32. Rxb2 axb2 33. Kd3 Bc5 34. Nb1
Kf8 35. e4 Bd6 36. g3 h5 37. Kc2 h4 38. gxh4 Bxf4 39. Kxb2 Bg3 40. Kb3 Ke7 41.
Kc4 Ke6 42. Kd4 Bf2+ 43. Kd3 Ke5 44. c4 Bxh4 45. Nc3 Be7 46. Na4 f5 47. exf5
gxf5 48. c5 Kd5 49. Ke3 Bxc5+ 50. Kf4 Bf2 51. Kxf5 Kd6 52. Nc3 Ke7 53. Ne4 Be1
54. Ng5 Kf8 55. Nf3 Bf2 56. Ng5 Kg7 57. Ne6+ Kf7 58. Nf4 Bg3 59. Nh5 Be1 60. Nf4
Bg3 61. Kg4 Bxf4 62. Kxf4 Kg8 1/2-1/2

[Event "World Blitz Women 2016"]
[Site "Doha QAT"]
[Date "2016.12.29"]
[Round "9.15"]
[White "Dzagnidze, Nana"]
[Black "Geldiyeva, Mahri"]
[Result "1-0"]
[WhiteTitle "GM"]
[BlackTitle "WGM"]
[WhiteElo "2520"]
[BlackElo "2220"]
[WhiteFideId "13601903"]
[BlackFideId "14000059"]
[EventDate "2016.12.29"]

1. Nf3 Nf6 2. c4 c6 3. b3 d5 4. Bb2 e6 5. g3 Be7 6. Bg2 O-O 7. O-O Nbd7 8. d3
Re8 9. Nc3 Bf8 10. e4 dxe4 11. dxe4 Nc5 12. e5 Nfe4 13. Nxe4 Nxe4 14. Qc2 Ng5
15. Nd2 h6 16. h4 Nh7 17. Ne4 Bd7 18. c5 Qc7 19. Rad1 Red8 20. Nd6 Be7 21. Nxf7
Kxf7 22. Qxh7 Bxc5 23. Be4 Bf8 24. Bg6+ Ke7 25. Rd6 Be8 26. Rfd1 Qa5 27. Bxe8
Rxd6 28. exd6+ Kxe8 29. Qg6+ Kd8 30. Bxg7 1-0

[Event "World Blitz Women 2016"]
[Site "Doha QAT"]
[Date "2016.12.29"]
[Round "9.16"]
[White "Krivec, Jana"]
[Black "Sviridova, Vlada"]
[Result "1-0"]
[WhiteTitle "WGM"]
[BlackTitle "WFM"]
[WhiteElo "2264"]
[BlackElo "2144"]
[WhiteFideId "14601982"]
[BlackFideId "24109606"]
[EventDate "2016.12.29"]

1. e4 e6 2. d3 d5 3. Nd2 Nf6 4. Ngf3 c5 5. g3 g6 6. Bg2 Bg7 7. O-O O-O 8. Nh4
Nc6 9. f4 b6 10. e5 Nd7 11. c4 Nb4 12. a3 Nxd3 13. cxd5 exd5 14. Bxd5 Rb8 15.
Ne4 Nxc1 16. Rxc1 Qe7 17. Nf3 Rd8 18. Nd6 Ba6 19. Re1 Nf8 20. Ng5 Ne6 21. Ndxf7
Rd7 22. Nd6 Rxd6 23. exd6 Bd4+ 24. Qxd4 cxd4 25. dxe7 Re8 26. Bxe6+ Kg7 27. Bd7 1-0

[Event "World Blitz Women 2016"]
[Site "Doha QAT"]
[Date "2016.12.29"]
[Round "9.17"]
[White "Sloan, Julia Elizabeth"]
[Black "Purtseladze, Maka"]
[Result "0-1"]
[WhiteTitle "CM"]
[BlackTitle "IM"]
[WhiteElo "2173"]
[BlackElo "2347"]
[WhiteFideId "2018950"]
[BlackFideId "13602659"]
[EventDate "2016.12.29"]

1. d4 Nf6 2. c4 Nc6 3. d5 Ne5 4. e4 e6 5. f4 Bb4+ 6. Bd2 Bxd2+ 7. Nxd2 Ng6 8. e5
Ng8 9. g3 N8e7 10. Ne4 O-O 11. h4 exd5 12. cxd5 Nf5 13. Bc4 Ne3 14. Qb3 Nxc4 15.
Qxc4 d6 16. e6 fxe6 17. dxe6 d5 18. Qb3 Bxe6 19. Ng5 Bg4 20. h5 Re8+ 21. Kf2 Nf8
22. N1f3 Bxf3 23. Nxf3 Qd6 24. h6 Qb6+ 25. Qxb6 axb6 26. hxg7 Kxg7 27. Ne5 Ng6
28. Nd3 c5 29. a3 Ra4 30. Rh5 Rd4 31. Ne1 Rde4 32. Rxd5 Re2+ 33. Kf3 Rxe1 34.
Rxe1 Rxe1 35. Rd7+ Re7 36. Rd6 b5 37. Rb6 b4 38. axb4 cxb4 39. Rxb4 Rd7 40. Rb5
h6 41. f5 Ne7 42. g4 Kf6 43. Rb6+ Nc6 44. b4 Kg5 45. b5 Ne5+ 46. Kg3 Rd3+ 47.
Kg2 Nxg4 48. Rxb7 Kxf5 49. b6 Rb3 50. Rf7+ Kg6 51. Rf4 Nf6 52. Ra4 Rxb6 53. Kg3
Rb3+ 54. Kh4 Re3 55. Rb4 Re4+ 56. Rxe4 Nxe4 57. Kg4 Nf6+ 58. Kh4 h5 59. Kg3 Kg5
60. Kh3 Ne4 0-1

[Event "World Blitz Women 2016"]
[Site "Doha QAT"]
[Date "2016.12.30"]
[Round "10.3"]
[White "Harika, Dronavalli"]
[Black "Koneru, Humpy"]
[Result "1/2-1/2"]
[WhiteTitle "GM"]
[BlackTitle "GM"]
[WhiteElo "2543"]
[BlackElo "2557"]
[WhiteFideId "5015197"]
[BlackFideId "5008123"]
[EventDate "2016.12.29"]

1. d4 d5 2. Nf3 Nf6 3. Bf4 Bf5 4. e3 e6 5. c4 Bxb1 6. Rxb1 Bb4+ 7. Ke2 Be7 8.
Ke1 Bb4+ 9. Ke2 Be7 10. Ke1 Bb4+ 1/2-1/2

[Event "World Blitz Women 2016"]
[Site "Doha QAT"]
[Date "2016.12.30"]
[Round "10.4"]
[White "Tan, Zhongyi"]
[Black "Arabidze, Meri"]
[Result "1-0"]
[WhiteTitle "WGM"]
[BlackTitle "IM"]
[WhiteElo "2496"]
[BlackElo "2379"]
[WhiteFideId "8603642"]
[BlackFideId "13604040"]
[EventDate "2016.12.29"]

1. Nf3 d5 2. g3 Bg4 3. Bg2 Nd7 4. c4 e6 5. cxd5 exd5 6. O-O Ngf6 7. d3 Be7 8. h3
Bxf3 9. Bxf3 O-O 10. Nc3 c6 11. Bg2 Re8 12. e4 Nc5 13. e5 Nfd7 14. d4 Ne6 15.
Kh2 Nb6 16. f4 f5 17. b3 Rf8 18. Be3 Qd7 19. Qd2 Rad8 20. Rad1 Kh8 21. Qc2 Rc8
22. Ne2 c5 23. dxc5 Nxc5 24. Qb2 Qe8 25. Nd4 Qf7 26. Qe2 Ne4 27. Rc1 Bc5 28. Nb5
Bxe3 29. Qxe3 a6 30. Bxe4 axb5 31. Bg2 Qe6 32. Qd4 Rc6 33. Rcd1 Rd8 34. Rf2 Rc7
35. Rfd2 Rcd7 36. Rc1 Kg8 37. Rdc2 h6 38. Rc7 Kh7 39. Rxd7 Rxd7 40. Rc5 g5 41.
Rxb5 Nc8 42. Rxd5 Rc7 43. fxg5 hxg5 44. Rd8 Ne7 45. Qd6 Qxd6 46. exd6 1-0

[Event "World Blitz Women 2016"]
[Site "Doha QAT"]
[Date "2016.12.30"]
[Round "10.5"]
[White "Zhao, Xue"]
[Black "Kashlinskaya, Alina"]
[Result "0-1"]
[WhiteTitle "GM"]
[BlackTitle "IM"]
[WhiteElo "2504"]
[BlackElo "2429"]
[WhiteFideId "8601283"]
[BlackFideId "4198026"]
[EventDate "2016.12.29"]

1. c4 Nf6 2. Nf3 g6 3. b3 Bg7 4. Bb2 O-O 5. g3 c5 6. Bg2 Nc6 7. O-O d6 8. Nc3 e5
9. d3 h6 10. Nd2 Be6 11. Nde4 Qd7 12. Nxf6+ Bxf6 13. a3 Bg7 14. b4 cxb4 15. axb4
Nxb4 16. Ba3 Nc6 17. Ne4 Bh3 18. Rb1 Bxg2 19. Kxg2 Nd4 20. Nxd6 f5 21. e3 Qc6+
22. f3 Ne6 23. Qb3 Nc5 24. Qb5 Nxd3 25. Qxb7 Qa4 26. Qb3 Qxb3 27. Rxb3 e4 28.
fxe4 fxe4 29. Rxf8+ Bxf8 30. Nxe4 Nc1 31. Rc3 Ne2 32. Rc2 Bxa3 33. Rxe2 Rc8 34.
Ra2 Bc1 35. Rxa7 Bxe3 36. Nf6+ Kf8 37. Nd7+ Ke8 38. Nf6+ Kf8 39. Nh7+ Kg8 40.
Nf6+ Kf8 41. Nh7+ Kg8 42. Re7 Bd4 43. Rd7 Bg7 44. Ng5 hxg5 45. Rd6 Kh7 46. Rd5
Kh6 47. c5 Bf8 48. h4 gxh4 49. gxh4 Bxc5 50. h5 g5 51. Kh3 Kxh5 52. Kg2 Be3 53.
Re5 Bf4 54. Kf3 Bxe5 0-1

[Event "World Blitz Women 2016"]
[Site "Doha QAT"]
[Date "2016.12.30"]
[Round "10.7"]
[White "Charochkina, Daria"]
[Black "Gaponenko, Inna"]
[Result "0-1"]
[WhiteTitle "IM"]
[BlackTitle "IM"]
[WhiteElo "2383"]
[BlackElo "2411"]
[WhiteFideId "4180917"]
[BlackFideId "14101181"]
[EventDate "2016.12.29"]

1. d4 g6 2. Bf4 Bg7 3. e3 d6 4. Nf3 Nd7 5. h3 e5 6. Bg3 Nh6 7. Be2 O-O 8. Bh4
Qe8 9. O-O Nf5 10. dxe5 Nxe5 11. Nbd2 Nxf3+ 12. Nxf3 Nxh4 13. Nxh4 Bxb2 14. Rb1
Bf6 15. Nf3 b6 16. Bb5 Bd7 17. Ba6 Qe4 18. Bd3 Qe6 19. c4 c5 20. Re1 Bc6 21. e4
Rfe8 22. Qd2 Rad8 23. Qh6 Bg7 24. Qh4 Qe7 25. Qg3 h6 26. Rbd1 Qf6 27. h4 Re6 28.
Nh2 Rde8 29. Ng4 Qe7 30. f3 h5 31. Ne3 Bf6 32. Nf5 Qf8 33. Bc2 Rd8 34. f4 Ree8
35. e5 dxe5 36. fxe5 Rxd1 37. Bxd1 Bg7 38. Qg5 Bd7 39. Nd6 Re6 40. Bf3 f6 41.
Qg3 Rxe5 42. Bd5+ Kh7 43. Rxe5 fxe5 44. Ne4 Bh6 45. Qxe5 Be3+ 46. Kh1 Qf1+ 47.
Kh2 Bf4+ 0-1

[Event "World Blitz Women 2016"]
[Site "Doha QAT"]
[Date "2016.12.30"]
[Round "10.9"]
[White "Pham, Le Thao Nguyen"]
[Black "Javakhishvili, Lela"]
[Result "0-1"]
[WhiteTitle "IM"]
[BlackTitle "IM"]
[WhiteElo "2351"]
[BlackElo "2461"]
[WhiteFideId "12401226"]
[BlackFideId "13601458"]
[EventDate "2016.12.29"]

1. d4 Nf6 2. Nf3 e6 3. Bf4 b6 4. e3 Bb7 5. Bd3 d6 6. h3 c5 7. O-O Be7 8. Qe2 O-O
9. Nbd2 Nbd7 10. c3 cxd4 11. exd4 Re8 12. Rfe1 Bf8 13. Bg5 h6 14. Bh4 Qc7 15.
Rad1 e5 16. dxe5 dxe5 17. Bb5 a6 18. Bxd7 Nxd7 19. Bg3 Qc6 20. Nf1 Nc5 21. Ne3
e4 22. Nd4 Qg6 23. Qg4 Qxg4 24. hxg4 Nd3 25. Re2 Bc5 26. Nec2 Ne5 27. Bxe5 Rxe5
28. Rde1 Rd8 29. Kh2 Rg5 30. f3 Bd6+ 31. Kh1 h5 32. gxh5 Rxh5+ 33. Kg1 exf3 34.
Nxf3 Bc5+ 35. Ncd4 Bxf3 36. Re8+ Rxe8 37. Rxe8+ Kh7 38. gxf3 Rd5 39. Re4 f5 40.
Re6 g6 41. Kg2 Kh6 42. a3 a5 43. Kg3 Kh5 44. f4 Bd6 45. Nf3 Rd3 46. Re8 Kh6 47.
Re6 Kg7 48. Re2 g5 49. Kf2 Bxf4 50. Re7+ Kf6 51. Rb7 Rd6 52. Nd4 Be5 53. Nb5
Rd2+ 54. Kf3 g4+ 55. Ke3 Rxb2 56. Rxb6+ Kg5 57. c4 g3 58. Rb7 g2 0-1

[Event "World Blitz Women 2016"]
[Site "Doha QAT"]
[Date "2016.12.30"]
[Round "10.10"]
[White "Khademalsharieh, Sarasadat"]
[Black "Abdumalik, Zhansaya"]
[Result "1-0"]
[WhiteTitle "IM"]
[BlackTitle "WGM"]
[WhiteElo "2438"]
[BlackElo "2405"]
[WhiteFideId "12512214"]
[BlackFideId "13703544"]
[EventDate "2016.12.29"]

1. d4 Nf6 2. c4 g6 3. Nc3 d5 4. Bg5 Bg7 5. Bxf6 Bxf6 6. cxd5 c5 7. dxc5 Nd7 8.
e4 Nxc5 9. Bb5+ Bd7 10. Bxd7+ Qxd7 11. Nge2 O-O 12. O-O e6 13. dxe6 Qxe6 14. Nf4
Qe5 15. Nfd5 Bg7 16. Qc2 Rad8 17. Rad1 Rfe8 18. f4 Qh5 19. e5 Rc8 20. Nb5 Ne6
21. Qf2 Rc6 22. Nd6 Rd8 23. Ne7+ Kf8 24. Nxc6 bxc6 25. Qxa7 Rxd6 26. Rxd6 Kg8
27. Rxc6 Qe2 28. b4 Bf8 29. a3 Qd3 30. Qa6 Qd5 31. Qc4 Qd2 1-0

[Event "World Blitz Women 2016"]
[Site "Doha QAT"]
[Date "2016.12.30"]
[Round "10.11"]
[White "Dzagnidze, Nana"]
[Black "Saduakassova, Dinara"]
[Result "1-0"]
[WhiteTitle "GM"]
[BlackTitle "WGM"]
[WhiteElo "2520"]
[BlackElo "2428"]
[WhiteFideId "13601903"]
[BlackFideId "13700090"]
[EventDate "2016.12.29"]

1. Nf3 e6 2. c4 Nf6 3. b3 Be7 4. Bb2 d5 5. g3 a5 6. Bg2 a4 7. O-O O-O 8. d3 c5
9. cxd5 exd5 10. bxa4 Qa5 11. Nc3 d4 12. Nb5 Qxa4 13. Qxa4 Rxa4 14. Rfb1 Nc6 15.
Nd2 Nb4 16. Na3 Be6 17. Bxb7 Rb8 18. Bf3 Bxa2 19. Rc1 Bd5 20. Nac4 Bxf3 21. Rxa4
Bxe2 22. Re1 Bg4 23. Rxe7 Nxd3 24. Rea7 h5 25. Ra8 Rxa8 26. Rxa8+ Kh7 27. Ba3
Be6 28. Ra5 Ng4 29. Bxc5 Ndxf2 30. Bxd4 Nh3+ 31. Kg2 Kg6 32. Ne5+ Nxe5 33. Bxe5
Ng5 34. h4 f6 35. hxg5 fxe5 36. Rxe5 1-0

[Event "World Blitz Women 2016"]
[Site "Doha QAT"]
[Date "2016.12.30"]
[Round "10.12"]
[White "Gvetadze, Sofio"]
[Black "Zhu, Chen"]
[Result "1-0"]
[WhiteTitle "IM"]
[BlackTitle "GM"]
[WhiteElo "2283"]
[BlackElo "2419"]
[WhiteFideId "13601440"]
[BlackFideId "8600546"]
[EventDate "2016.12.29"]

1. e4 c5 2. Nf3 d6 3. d4 cxd4 4. Nxd4 Nf6 5. f3 e5 6. Nb3 Be7 7. c4 a5 8. Be3 a4
9. N3d2 Nc6 10. Be2 Nd7 11. O-O Bg5 12. Bf2 Qa5 13. Nc3 O-O 14. Ndb1 Nc5 15.
Qxd6 Ne6 16. Nd5 Ned4 17. Nbc3 Rd8 18. Qa3 Nc2 19. Qc5 Qxc5 20. Bxc5 Nxa1 21.
Rxa1 Kh8 22. Nb5 Be6 23. Kf2 h5 24. Be3 Bxe3+ 25. Kxe3 Rac8 26. Nb6 Rb8 27. Nxa4
Na5 28. b3 Nc6 29. Nc5 Nb4 30. Rc1 Nxa2 31. Ra1 Nb4 32. Ra7 b6 33. Nxe6 fxe6 34.
Re7 Nc2+ 35. Kf2 Nd4 36. Nxd4 exd4 37. Bd3 Rd6 38. e5 Rc6 39. Be4 Rc5 40. Rxe6
b5 41. Bd3 bxc4 42. bxc4 Kg8 43. Rd6 Rxe5 44. Rxd4 Kf7 45. h4 Ke7 46. Kg3 Rb2
47. Be4 Ra5 48. Bd5 Raa2 49. f4 Ra3+ 50. Kh2 Rc3 51. Re4+ Kf6 52. Re6+ Kf5 53.
Re7 g6 54. Rf7+ Kg4 55. Rf6 Kxh4 56. Rxg6 Rh3+ 57. Kg1 Rg3 58. Rh6 Rg4 59. f5
Kg3 60. Kf1 Rd4 61. Rg6+ Kf4 62. Kg1 Rd1+ 63. Kh2 Rd4 64. f6 Ke5 65. f7 Rh4+ 1-0

[Event "World Blitz Women 2016"]
[Site "Doha QAT"]
[Date "2016.12.30"]
[Round "10.13"]
[White "Ovezdurdiyeva, Jemal"]
[Black "Zhukova, Natalia"]
[Result "1/2-1/2"]
[WhiteTitle "WFM"]
[BlackTitle "GM"]
[WhiteElo "2080"]
[BlackElo "2440"]
[WhiteFideId "14001888"]
[BlackFideId "14101513"]
[EventDate "2016.12.29"]

1. d4 d5 2. c4 e6 3. Nc3 c5 4. cxd5 exd5 5. Nf3 Nc6 6. dxc5 d4 7. Ne4 Bf5 8. Ng3
Bg4 9. e3 Bxc5 10. Be2 Bb4+ 11. Bd2 dxe3 12. fxe3 Qb6 13. Bxb4 Qxb4+ 14. Qd2 Rd8
15. Qxb4 Nxb4 16. O-O Ne7 17. Bb5+ Bd7 18. Bxd7+ Rxd7 19. Ne5 Rd5 20. Nc4 O-O
21. a3 Nd3 22. b3 b5 23. e4 Rd4 24. Ne3 Nc5 25. Nef5 Nxf5 26. exf5 Nxb3 27. Rab1
Rd3 28. Rf3 Rxf3 29. gxf3 Nd4 30. Kf2 Rc8 31. Rb4 Rd8 32. Ne2 Nxe2 33. Kxe2 a6
34. a4 bxa4 35. Rxa4 Rd6 36. Ke3 h5 37. Kf4 Kh7 38. Kg5 Rf6 39. Ra5 Rh6 40. Rc5
h4 41. Rc7 Rf6 42. Rc5 h3 43. Kg4 Rh6 44. Rc7 Rf6 45. Rc5 Rb6 46. Kxh3 Kh6 47.
Kg4 Rb2 48. Rc6+ Kh7 49. Rxa6 Rxh2 50. Ra7 f6 51. Kf4 Rh4+ 52. Kg3 Rc4 53. Ra5
Kh6 54. Rd5 Kg5 55. Rd7 Kh6 56. f4 Rc5 57. Kg4 Rc1 58. Rd3 Rg1+ 59. Kf3 Rh1 60.
Ke4 Kh5 61. Rg3 Re1+ 62. Kf3 Rf1+ 63. Ke4 Re1+ 64. Kd5 Kh4 65. Rxg7 Rf1 1/2-1/2

[Event "World Blitz Women 2016"]
[Site "Doha QAT"]
[Date "2016.12.30"]
[Round "10.14"]
[White "Krivec, Jana"]
[Black "Batsiashvili, Nino"]
[Result "1/2-1/2"]
[WhiteTitle "WGM"]
[BlackTitle "IM"]
[WhiteElo "2264"]
[BlackElo "2482"]
[WhiteFideId "14601982"]
[BlackFideId "13602993"]
[EventDate "2016.12.29"]

1. e4 c6 2. d4 d5 3. exd5 cxd5 4. c3 Nc6 5. Bd3 Qc7 6. Nd2 Nf6 7. Ngf3 Bg4 8.
O-O e6 9. h3 Bh5 10. Qb3 Bd6 11. Re1 O-O 12. g4 Bg6 13. Bxg6 hxg6 14. Nf1 Ne4
15. N1d2 Nf6 16. Nf1 e5 17. dxe5 Nxe5 18. Nxe5 Bxe5 19. Be3 b6 20. g5 Nh5 21.
Qxd5 Rad8 22. Qf3 f6 23. gxf6 Rxf6 24. Qg4 Rdf8 25. Rad1 Bf4 26. Bd4 Rc6 27. Re6
Kh7 28. Rxc6 Qxc6 29. Re1 Qd6 30. Re6 Qd5 31. Qxg6+ Kg8 32. Re7 Bh6 33. Rxa7 b5
34. Re7 Qf3 35. Qe6+ Kh7 36. Qe4+ Qxe4 37. Rxe4 Nf4 38. Ng3 Nxh3+ 39. Kh2 Ng5
40. Re5 Nf3+ 41. Kg2 Nxe5 42. Bxe5 Ra8 43. a3 Rd8 44. Bd4 Bf4 45. Ne2 Bd6 46.
Kf3 Rf8+ 47. Ke4 Kg6 48. Kd5 Be7 49. Kc6 Rf5 50. Ng3 Rg5 51. Ne4 Rf5 52. Ng3 Rg5
53. Ne4 Rg4 54. Ng3 Bf6 55. Kxb5 Bxd4 56. cxd4 Rxd4 57. a4 Rd2 58. b4 Rxf2 59.
a5 Rf3 60. Ne4 Kf5 61. Nc5 g5 62. a6 g4 63. a7 Ra3 64. Na4 g3 65. a8=Q Kg4 66.
Qg8+ Kh3 67. Qh7+ Kg2 68. Qc2+ Kh3 69. Qh7+ Kg2 70. Qc2+ Kh3 71. Nc3 g2 72. Qh7+
Kg4 73. Ne2 Kf3 74. Qh5+ Kf2 75. Qg5 Ra2 76. Qxg2+ Kxg2 77. Nd4 Rb2 78. Kc5 Rxb4
79. Kxb4 1/2-1/2

[Event "World Blitz Women 2016"]
[Site "Doha QAT"]
[Date "2016.12.30"]
[Round "10.15"]
[White "Purtseladze, Maka"]
[Black "Hallaeva, Bahar"]
[Result "1-0"]
[WhiteTitle "IM"]
[BlackTitle "WFM"]
[WhiteElo "2347"]
[BlackElo "2112"]
[WhiteFideId "13602659"]
[BlackFideId "14000679"]
[EventDate "2016.12.29"]

1. d4 Nf6 2. Nf3 b5 3. e3 a6 4. a4 b4 5. c4 Bb7 6. b3 e6 7. Nbd2 c5 8. Bb2 d5 9.
cxd5 exd5 10. dxc5 Bxc5 11. Rc1 Nbd7 12. Bd3 O-O 13. O-O Be7 14. Nd4 Nc5 15. Bb1
Rc8 16. Nf5 Re8 17. Nxe7+ Qxe7 18. Nf3 Nce4 19. Qd4 a5 20. Qb6 Nc5 21. Bxf6 gxf6
22. Nd4 Qc7 23. Qxf6 Qe5 24. Qxe5 Rxe5 25. Bf5 Rc7 26. Rc2 Na6 27. Rfc1 Rxc2 28.
Rxc2 Re7 29. Bc8 Kg7 30. Nf5+ 1-0

[Event "World Blitz Women 2016"]
[Site "Doha QAT"]
[Date "2016.12.30"]
[Round "10.17"]
[White "Geldiyeva, Mahri"]
[Black "Sloan, Julia Elizabeth"]
[Result "1-0"]
[WhiteTitle "WGM"]
[BlackTitle "CM"]
[WhiteElo "2220"]
[BlackElo "2173"]
[WhiteFideId "14000059"]
[BlackFideId "2018950"]
[EventDate "2016.12.29"]

1. d4 d6 2. Nf3 c6 3. g3 Qc7 4. Bg2 e5 5. dxe5 dxe5 6. O-O Bc5 7. Nc3 a5 8. e4
Nf6 9. Qe1 O-O 10. Be3 Bb4 11. a3 Bxc3 12. Qxc3 Re8 13. Nd2 Ng4 14. b4 Nxe3 15.
Qxe3 axb4 16. axb4 Rxa1 17. Rxa1 Na6 18. c3 Be6 19. Qa7 Qb8 20. Qb6 g6 21. Bf1
Nc7 22. Ra7 Nb5 23. Bxb5 cxb5 24. Kg2 Qc8 25. Qe3 Rd8 26. Ra1 Qc6 27. Nf3 Bc4
28. Nxe5 Qe6 29. Nxc4 Qxc4 30. Ra7 Rd3 31. Qh6 Qxe4+ 32. Kh3 Qf5+ 33. Kg2 Qf3+
34. Kh3 Qh5+ 35. Qxh5 gxh5 36. Rxb7 Rxc3 37. Rxb5 Rb3 38. f4 Kg7 39. Kh4 Kg6 40.
Rb6+ f6 41. b5 h6 42. h3 Rb4 43. Rb8 Ra4 44. b6 Rb4 45. b7 f5 46. Rg8+ Kh7 47.
b8=Q 1-0

[Event "World Blitz Women 2016"]
[Site "Doha QAT"]
[Date "2016.12.30"]
[Round "11.1"]
[White "Ju, Wenjun"]
[Black "Tan, Zhongyi"]
[Result "0-1"]
[WhiteTitle "GM"]
[BlackTitle "WGM"]
[WhiteElo "2579"]
[BlackElo "2496"]
[WhiteFideId "8603006"]
[BlackFideId "8603642"]
[EventDate "2016.12.29"]

1. d4 Nf6 2. Nf3 e6 3. Bf4 b6 4. e3 Bb7 5. Bd3 g6 6. h3 Bg7 7. O-O O-O 8. Nbd2
d5 9. c4 Nbd7 10. Rc1 c5 11. b3 Rc8 12. Qe2 Re8 13. Rfd1 cxd4 14. exd4 Ba6 15.
Bh2 Qe7 16. Ne5 dxc4 17. Ndxc4 Nd5 18. Nf3 Red8 19. Nd6 Rxc1 20. Rxc1 Bxd3 21.
Qxd3 N7f6 22. Nc4 Bh6 23. Rd1 Nb4 24. Qe2 Nfd5 25. Qb2 Bg7 26. Nfe5 b5 27. Ne3
Nxe3 28. fxe3 Qb7 29. a3 Nd5 30. Qf2 Rc8 31. Rf1 f5 32. Nd3 Nc3 33. Nc5 Qe7 34.
Qd2 Nd5 35. Bg3 Bh6 36. Bf2 a5 37. Re1 b4 38. axb4 axb4 39. Qd3 Nc3 40. Qc4 Re8
41. Qxb4 Ne4 42. Nd3 Qxb4 43. Nxb4 Rb8 44. Nd3 Rxb3 45. Nc5 Nxc5 46. dxc5 Rc3
47. e4 Kf7 48. exf5 gxf5 49. Rd1 Ke8 50. Rd6 Rc1+ 51. Kh2 Bf4+ 52. Bg3 Bxd6 53.
cxd6 Kd7 54. Bf4 Rc4 55. Kg3 Rd4 56. Kf3 Rxd6 57. Bxd6 Kxd6 58. Kf4 Kd5 59. h4
h6 60. g4 fxg4 61. Kxg4 e5 62. Kh5 e4 63. Kxh6 e3 64. h5 e2 65. Kg7 e1=Q 66. h6
Qe7+ 67. Kg8 Qe8+ 68. Kg7 Qe5+ 69. Kg8 Qe6+ 70. Kg7 Qg4+ 71. Kf8 Qf4+ 72. Kg7
Qg5+ 73. Kh7 Ke6 0-1

[Event "World Blitz Women 2016"]
[Site "Doha QAT"]
[Date "2016.12.30"]
[Round "11.3"]
[White "Kashlinskaya, Alina"]
[Black "Lagno, Kateryna"]
[Result "1-0"]
[WhiteTitle "IM"]
[BlackTitle "GM"]
[WhiteElo "2429"]
[BlackElo "2530"]
[WhiteFideId "4198026"]
[BlackFideId "14109336"]
[EventDate "2016.12.29"]

1. d4 Nf6 2. c4 g6 3. Nc3 d5 4. cxd5 Nxd5 5. e4 Nxc3 6. bxc3 Bg7 7. Nf3 c5 8.
Be3 O-O 9. Be2 Bg4 10. O-O cxd4 11. cxd4 Nc6 12. d5 Bxa1 13. Qxa1 Na5 14. Bh6 f6
15. Rd1 Bxf3 16. Bxf3 Nc4 17. Bg4 Qd6 18. Be6+ Kh8 19. Bxf8 Rxf8 20. Qd4 b5 21.
Qxa7 Rd8 22. h3 b4 23. Qd4 Ne5 24. f4 Nc6 25. dxc6 1-0